书目信息 |
| 题名: |
Internet 组网、管理与应用:管理篇
|
|
| 作者: | 温晓军 编著 | |
| 分册: | ||
| 出版信息: | 北京 人民邮电出版社 1999.10 |
|
| 页数: | 294页 | |
| 开本: | 16开 | |
| 丛书名: | ||
| 单 册: | ||
| 中图分类: | TP393.4 | |
| 科图分类: | ||
| 主题词: | 计算机应用 | |
| 电子资源: | ||
| ISBN: | 7-115-08130-1 | |
| 000 | 00578nam0 2200181 45 | |
| 001 | 0009291568 | |
| 005 | 20080229090321.25 | |
| 010 | @a7-115-08130-1@d29.00元 | |
| 100 | @a20000929d1999 km y0chiy0120 ea | |
| 101 | 0 | @achi |
| 200 | 1 | @aInternet 组网、管理与应用:管理篇@AInternet Zu Wang、Guan Li Yu Ying Yong:Guan Li Pian@f温晓军等编著@FWen Xiao Jun Deng Bian Zhu |
| 210 | @a北京@c人民邮电出版社@d1999.10 | |
| 215 | @a294页@d16开 | |
| 606 | 0 | @a计算机应用 |
| 690 | @aTP393.4@v3 | |
| 701 | 0 | @a温晓军@4编著 |
| 801 | @aCN@bPftUser@c20080229 | |
| 905 | @b15913-914@dTP393.4@eW360/1@f2 | |
| Internet 组网、管理与应用:管理篇/温晓军等编著.-北京:人民邮电出版社,1999.10 |
| 294页;16开 |
| ISBN 7-115-08130-1:29.00元 |
| ● |
| 相关链接 |
|
|
|
正题名:Internet 组网、管理与应用:管理篇
索取号:TP393.4/W360/1
 
预约/预借
| 序号 | 登录号 | 条形码 | 馆藏地/架位号 | 状态 | 备注 |
| 1 | 159173 | 201591731 | 期刊室512/301自科库 134排2列3层/ [索取号:TP393.4/W360/1] | 在馆 | |
| 2 | 159174 | 201591740 | 期刊室512/301自科库 134排2列3层/ [索取号:TP393.4/W360/1] | 在馆 | |
| 3 | 478824 | 204788248 | 期刊室512/ [索取号:TP393.4/W360/1] | 在馆 |